Statistics for Top 100 MCU Characters

Click here to take the quiz!

General Stats

  • This quiz has been taken 342 times
  • The average score is 56 of 100

Answer Stats

HintAnswer% Correct
1 - God of ThunderThor
100%
2 - Friendly spiderSpider-man (Tom)
99%
3 - Russian spyBlack Widow
97%
7 - Other spiderSpider-man (Andrew)
97%
33 - Other SpiderSpider-man (Tobey)
97%
4 - First AvengerCaptain America
96%
6 - Genius playboyIron man
96%
8 - King of WakandaBlack Panther
93%
20 - God of MischiefLoki
93%
11 - Tiny or bigAntman
92%
69 - Created the Pym particlesHank Pym
92%
17 - Green monsterHulk
92%
19 - Purple fatherThanos
92%
10 - Metal armWinter Soldier
92%
13 - SHIELD DirectorNick Fury
90%
9 - She lost her visionScarlet Witch
90%
16 - QuillStarlord
90%
18 - Green daughterGamora
89%
14- Friend with a treeRocket Racoon
87%
5 - Blind LawyerDaredevil
84%
12 - Sorcerer supremeDr. Strange
83%
15 - New CaptainFalcon
81%
25 - Has the 10 ringsShang-Chi
80%
36 - I am...Groot
79%
43 - 2nd daughter of ThanosNebula
78%
30 - AndroidVision
78%
29 - Goddess of deathHela
76%
61 - Strange's bestfriendWong
75%
27 - Tony's bestfriendWar Machine
73%
38 - All FatherOdin
70%
32 - Steve's girlfriendPeggy Carter
69%
80 - Always has another universe to saveCaptain Marvel
67%
40 - Killed MayGreen Goblin
66%
72 - Drax is not attracted to herMantis
66%
78 - She found out who was spider-manMJ
66%
59 - Keeper of the soul stoneRed Skull
66%
82 - T'challa's smart sisterShuri
66%
58 - Winged and tinyWasp
66%
56 - is invisibleDrax
65%
21 - Possessed by an egyptian godMoon Knight
65%
23 - New WidowYelena Belova
65%
26 - Has a bow and arrowsHawkeye (Clint)
63%
28 - Tchalla's cousinKillmonger
63%
49 - Made of rocksKorg
60%
62 - Rides PegasusValkyrie
60%
63 - Founder of Stark IndustriesHoward Stark
59%
92 - Thor's love interestJane Foster
59%
46 - New HawkeyeKate Bishop
58%
66 - is Mary PoppinsYondu
58%
57 - The guy in the chairNed Leeds
55%
37 - Leader of the Dora MilajeOkoye
55%
64 - Tony's former driverHappy Hogan
54%
54 - She came to the "Rescue"Pepper Potts
54%
94 - Android tyranUltron
54%
68 - Watches all 9 realmsHeimdall
52%
75 - Thor's motherFrigga
50%
50 - Died in the Avengers (but loves Tahiti)Phil Coulson
50%
24 - Flew too close to the sunIkaris
49%
41 - It was her all alongAgatha Harkness
47%
39 - Split the AvengersBaron Zemo
46%
91 - Asgardian female warriorSif
46%
31 - Crime bossKingpin
45%
74 - With Great Powers...Aunt May
44%
52 - Daughter of Carol's bestfriendMonica Rambeau
44%
60 - Most powerful member of the black orderEbony Maw
43%
87 - First villainIron Monger
43%
44 - Tried to be Captain-AmericaUS Agent
43%
22 - Harlem defenderLuke Cage
42%
48 - Natacha's "father"Red Guardian
42%
86 - He Who RemainsKang
41%
95 - Bald magicianThe Ancient One
41%
53 - Father of Peter's girlfriend (not Thanos)Vulture
41%
51 - Had the 10 ringsThe Mandarin
39%
34 - Private detectiveJessica Jones
37%
76 - Loves both Robb Stark and Jon SnowSersi
37%
35 - Goddess of AthenesThena
36%
42 - Leader of Hydra inside SHIELDAlexander Pierce
35%
65 - Kills for justicePunisher
34%
73 - Asgard's doomSurtur
34%
45 - Master of illusionMysterio
33%
93 - Head of HAMMERJustin Hammer
31%
70 - Probably Loki's only friendMobius
31%
98 - Strongest eternalGilgamesh
30%
85 - Shang-Chi's bestfriendKaty
30%
83 - Kun Lun championIron Fist
29%
47 - Had the power of the sun in the palm of his handsDr. Octopus
28%
88 - Makes people melt with a stickGrandmaster
28%
96 - Rogue magicianMordo
25%
90 - Has a big hammer (but not mjolnir)Ronan the Accuser
25%
100 - Will have the ebony bladeBlack Knight
24%
89 - Deaf ninjaEcho
23%
67 - Stole the arc reactorElectro
21%
79 - is vegetarianM'Baku
21%
77 - Best MCU CopJimmy Woo
20%
99 - Former Hydra agentCrossbones
18%
71 - Psycho killer with good aimBullseye
16%
55 - Matt Murdock's true loveKaren Page
15%
81 - Talks to muchLuis
10%
84 - Purple manKilgrave
9%
97 - Loves his swordsJack Duquesne
5%

Score Distribution

Percentile by Number Answered

Percent of People with Each Score

Your Score History

You have not taken this quiz